| Registos Bibliográficos associados ao registo de autoridade |
|
Etiqueta de registo: 00254nkm 2200109 450 001 2173575 003 http://id.bnportugal.gov.pt/bib/catbnp/2173575 100 ## $a20240723d1992 am d0pory01030103ba 101 0# $apor 102 ## $aPT 200 1# $aGrandiosa corrida de toiros à portuguesa [na] Praça de Toiros de Montemor, 3 de maio
de 1992$bVisual gráfico]$fEmpresa J. A. Samina 210 #9 $aMontemor$cEmpresa J. A. Samina,$d1992$eAlcácer do Sal :$gArtes Gráficas Francisco Martins d'Almeida) 215 ## $a1 cartaz em 3 folhas$ccolor$d61x86 cm, cada uma 303 ## $aMenciona cartel e a realização do 1º concurso de ganadarias 307 ## $aComposição vertical em três níveis com 1 folha cada 316 ## $aMontagem da composição a partir da numeração manuscrita no verso 330 ## $aReprodução fotográfica de um toiro bravo e, desenhos dos ferros das ganadarias participantes
no conurso 675 ## $a791.8(469.512)"1992"(084.5)$vBN$zpor$31922612 675 ## $a766(=1:469)"199"(084.5)$vBN$zpor$3589138 710 02 $aJ. A. Samina$c(empresa)$31922613 801 #0 $aPT$bBN$gRPC 966 ## $lBN$mICONOG$sCT. 6793 R.$x1 971 ## $cmferro$d20240723
Etiqueta de registo: 00000nkm 2200025 450 001 2248635 003 http://id.bnportugal.gov.pt/bib/catbnp/2248635 100 ## $a20260116d1987 m y0pory01030103ba 101 0# $apor 102 ## $aPT 200 1# $aPraça de Toiros em Montemor-o-Novo, grandioso espectáculo taurino, 7 de setembro de
1987$bVisual gráfico]$fEmpresa J. A. Samina 210 #9 $aMontemor-o-Novo$cEmpresa J. A. Samina,$d1987$g(Costa Sanches) 215 ## $a1 cartaz$ccolor.$d35x20 cm 675 ## $a766(=1:469)"198"(084.5)$vBN$zpor$31975661 710 02 $aJ. A. Samina$c(empresa)$31922613 801 #0 $aPT$bBN$gRPC 966 ## $lBN$mICONOG$sCT. 5637 P.$x1 971 ## $cCaticonografia6$d20260116 995 ## $aPRR2026 $d20260116$iCaticonografia6
Etiqueta de registo: 00000nkm 2200025 450 001 2248622 003 http://id.bnportugal.gov.pt/bib/catbnp/2248622 100 ## $a20260116d1987 m y0pory01030103ba 101 0# $apor 102 ## $aPT 200 1# $aToiros [em] Montemor-o-Novo, tradicional corrida de toiros integrada na feira da luz,
6 e 7 de setembro de 1987$bVisual gráfico]$fEmpresa J. A. Samina$gA. Martín Maqueda 210 #9 $aMontemor-o-Novo$cEmpresa J. A. Samina,$d1987$g(Costa Sanches) 215 ## $a1 cartaz$ccolor.$d34,5x19,5 cm 675 ## $a766(=1:469)"198"(084.5)$vBN$zpor$31975661 702 #1 $aMartín Maqueda,$bA.,$f1900-$4410$381032 710 02 $aJ. A. Samina$c(empresa)$31922613 801 #0 $aPT$bBN$gRPC 966 ## $lBN$mICONOG$sCT. 5636 P.$x1 971 ## $cCaticonografia6$d20260116 995 ## $aPRR2026 $d20260116$iCaticonografia6
Etiqueta de registo: 00000nkm 2200025 450 001 2253421 003 http://id.bnportugal.gov.pt/bib/catbnp/2253421 100 ## $a20260123d1992 m y0pory01030103ba 101 0# $apor 102 ## $aPT 200 1# $aGrandiosa corrida de toiros à portuguesa, 1º concurso de ganaderias, Praça de Toiros,
Montemor, 3 maio de 1992$bVisual gráfico]$fEmpresa J. A. Samina 210 #9 $aMontemor$cJ. A. Samina$d1992$eAlcácer do Sal :$gArtes Gráficas Francisco Martins d'Almeida, Sucr. Lda.) 215 ## $a1 cartaz$ccolor.$d66x31,5 cm 675 ## $a766(=1:469)"199"(084.5)$vBN$zpor$3589138 710 02 $aJ. A. Samina$c(empresa)$31922613 801 #0 $aPT$bBN$gRPC 966 ## $lBN$mICONOG$sCT. 17315 A.$x1 971 ## $cCaticonografia2$d20260123 972 ## $d20260520$e2$vtoliveira$z0 995 ## $aPRR2026 $d20260123$iCaticonografia2
|
|
|